000 00295nam a22001097a 4500
008 160620b xxu||||| |||| 00| 0 eng d
100 _aWaston, T. F
_983
245 _aMaking sure of Maths
260 _aEdinburgh Holmes mc dougall
_bMC Dougall
_c1970
300 _aMaking sure of Maths
942 _2ddc
_cBK
999 _c67
_d67